LIBRARY & INFORMATION CENTRE, KCAET, TAVANUR

ONLINE PUBLIC ACCESS CATALOGUE (OPAC)

Code of practice for design of cross drainage works IS:9913-1981 (Record no. 7187)

MARC details
000 -LEADER
fixed length control field 00927cam a2200169ua 4500
041 ## - LANGUAGE CODE
Language code of text/sound track or separate title eng
082 ## - DEWEY DECIMAL CLASSIFICATION NUMBER
Classification number 626.823
Item number IND/CO
245 ## - TITLE STATEMENT
Title Code of practice for design of cross drainage works IS:9913-1981
260 ## - PUBLICATION, DISTRIBUTION, ETC. (IMPRINT)
Place of publication New Delhi :
Name of publisher Indian Standards Institution ,
Year of publication 1982.
300 ## - PHYSICAL DESCRIPTION
Number of Pages 11 ; .
942 ## - ADDED ENTRY ELEMENTS (KOHA)
Koha item type Books
Holdings
Withdrawn status Lost status Damaged status Home library Current library Date acquired Full call number Accession Number Koha item type
      KAUAET KAUAET 07/04/2012 626.823 17430 Standards
free website counter